辽宁省地图点选 Liaoning Click Map - Statistics

General Stats
  • This quiz has been taken 37 times
    34 since last reset
  • The average score is 13 of 14
Answers on the Map
Answers color-coded by a green-red scale on the quiz's map according to % correct below.
 
Answer Stats
Answer % Correct
大连市
100%
丹东市
100%
锦州市
100%
营口市
100%
阜新市
100%
朝阳市
100%
鞍山市
96%
辽阳市
96%
盘锦市
96%
铁岭市
96%
葫芦岛市
96%
沈阳市
92%
本溪市
92%
抚顺市
81%
No matching quizzes found
Score Distribution
Percent of People with Each Score
Percentile by Number Answered
Your Score History
You have not taken this quiz since the last reset